[Event "Nizhnij Novgorod Dubinin Memorial 18th"]
[Site "Nizhnij Novgorod"]
[Date "2011.01.03"]
[Round "?"]
[White "Varfalomeev, Yan"]
[Black "Vidyaev, Evgeny"]
[Result "1-0"]
[WhiteElo "1773"]
[BlackElo "2048"]
[PlyCount "27"]
[EventDate "2011.01.03"]
[EventType "swiss"]
[EventRounds "9"]
[EventCountry "RUS"]
[SourceTitle "EXT 2012"]
[Source "ChessBase"]
[SourceDate "2011.11.24"]
[SourceVersion "1"]
[SourceVersionDate "2011.11.24"]
[SourceQuality "1"]

1. e4 c5 2. Nf3 g6 3. d4 Bg7 4. d5 d6 5. Nc3 Nf6 6. Bf4 0-0 7. Qd2 Qa5 8. Be2 Qb4 9. 0-0 Nh5 10. Bh6 Qxb2 11. Bxg7 Kxg7 12. Rfb1 Qa3 13. Nb5 Qa4 14. Nc7 1-0

[Event "Nizhnij Novgorod Dubinin Memorial 17th"]
[Site "Nizhnij Novgorod"]
[Date "2010.??.??"]
[Round "?"]
[White "Vidyaev, Evgeny"]
[Black "Karmanova, Marina"]
[Result "0-1"]
[WhiteElo "2042"]
[BlackElo "1839"]
[PlyCount "97"]
[EventDate "2010.01.03"]
[EventType "swiss"]
[EventRounds "9"]
[EventCountry "RUS"]
[SourceTitle "CBM 134 Extra"]
[Source "ChessBase"]
[SourceDate "2010.03.03"]
[SourceVersion "1"]
[SourceVersionDate "2010.03.03"]
[SourceQuality "1"]

1. d4 g6 2. g3 Bg7 3. Bg2 d5 4. Nf3 Nf6 5. 0-0 0-0 6. c4 c6 7. Nc3 Be6 8. cxd5 Nxd5 9. Ne4 Na6 10. Neg5 Nac7 11. Bd2 h6 12. Nxe6 Nxe6 13. e3 Qb6 14. b4 Rad8 15. Qb3 Nf6 16. Ne5 Nd5 17. Nc4 Qc7 18. Rac1 Nb6 19. Na5 a6 20. Bc3 Nd5 21. Ba1 Qb8 22. Rfd1 Nec7 23. e4 Nf6 24. a3 e6 25. Qc4 Rd7 26. Bb2 Rfd8 27. Nb3 Nb5 28. Nc5 Re7 29. a4 Nd6 30. Qe2 Nd7 31. Nb3 Ne8 32. Ba3 Nf8 33. e5 Red7 34. Qe4 Bxe5 35. Bf3 Bg7 36. Bb2 Nf6 37. Qe2 Nd5 38. b5 axb5 39. axb5 Rc8 40. Na5 Rdc7 41. Ba3 cxb5 42. Bd6 Qa7 43. Bxc7 Rxc7 44. Bxd5 Rxc1 45. Rxc1 Qxa5 46. Bxb7 Qb6 47. Bf3 Bxd4 48. Rb1 b4 49. Rxb4 0-1

[Event "Nizhnij Novgorod Dubinin Memorial 17th"]
[Site "Nizhnij Novgorod"]
[Date "2010.??.??"]
[Round "?"]
[White "Vidyaev, Evgeny"]
[Black "Shilnikov, Igor S"]
[Result "1-0"]
[WhiteElo "2042"]
[BlackElo "1931"]
[PlyCount "77"]
[EventDate "2010.01.03"]
[EventType "swiss"]
[EventRounds "9"]
[EventCountry "RUS"]
[SourceTitle "CBM 134 Extra"]
[Source "ChessBase"]
[SourceDate "2010.03.03"]
[SourceVersion "1"]
[SourceVersionDate "2010.03.03"]
[SourceQuality "1"]

1. d4 Nf6 2. g3 d5 3. Bg2 c6 4. Nf3 Bf5 5. 0-0 h6 6. c4 e6 7. Nc3 Nbd7 8. Nd2 Be7 9. e4 dxe4 10. Ndxe4 Nxe4 11. Nxe4 Nf6 12. Nxf6+ Bxf6 13. d5 cxd5 14. Qa4+ Kf8 15. cxd5 Qb6 16. d6 Kg8 17. Be3 Qxb2 18. Rac1 b5 19. Qa6 Rd8 20. Rc7 Bg6 21. d7 Kh7 22. Qxa7 Qe5 23. Rb7 Qd6 24. Bc5 Qd3 25. a3 e5 26. Bc6 Be4 27. Bxe4+ Qxe4 28. Rxb5 Qd3 29. Rb7 h5 30. Qa4 Qd5 31. Qb5 h4 32. Rc7 e4 33. Qb7 Qf5 34. Re1 Be5 35. Qd5 hxg3 36. hxg3 e3 37. Rxe3 g6 38. Rb7 f6 39. Qf7+ 1-0

[Event "Nizhnij Novgorod Dubinin Memorial 17th"]
[Site "Nizhnij Novgorod"]
[Date "2010.??.??"]
[Round "?"]
[White "Zavialova, Ekaterina"]
[Black "Vidyaev, Evgeny"]
[Result "0-1"]
[WhiteElo "1767"]
[BlackElo "2042"]
[PlyCount "90"]
[EventDate "2010.01.03"]
[EventType "swiss"]
[EventRounds "9"]
[EventCountry "RUS"]
[SourceTitle "CBM 134 Extra"]
[Source "ChessBase"]
[SourceDate "2010.03.03"]
[SourceVersion "1"]
[SourceVersionDate "2010.03.03"]
[SourceQuality "1"]

1. e4 c5 2. Nf3 g6 3. d4 Bg7 4. dxc5 Qa5+ 5. Bd2 Qxc5 6. Bc3 Nf6 7. Bd3 0-0 8. 0-0 Nc6 9. Nbd2 b5 10. Nb3 Qb6 11. Bd2 a6 12. Be3 Qc7 13. Qd2 Rd8 14. Nbd4 d5 15. Nxc6 Qxc6 16. exd5 Rxd5 17. Qe2 Rh5 18. h3 e5 19. Qd1 Bb7 20. Be2 Nd5 21. Qc1 Nxe3 22. fxe3 f5 23. c4 b4 24. Qd2 Qc5 25. Kh1 Re8 26. Rad1 Bh6 27. Qd7 Qe7 28. Qxe7 Rxe7 29. Rd8+ Kg7 30. Rfd1 Kf7 31. Nxe5+ Rxe5 32. Bxh5 gxh5 33. R1d7+ Re7 34. Rxe7+ Kxe7 35. Rh8 Kf7 36. Rxh7+ Bg7 37. Rxh5 Kg6 38. Rh4 Bxb2 39. c5 a5 40. Rc4 Bc6 41. Kg1 Bc3 42. g4 Bd5 43. gxf5+ Kxf5 44. Rf4+ Kg6 45. Rf2 a4 0-1

[Event "Nizhnij Novgorod-ch HL"]
[Site "Nizhnij Novgorod"]
[Date "2009.11.14"]
[Round "?"]
[White "Vidyaev, Evgeny"]
[Black "Stepanushkin, Alexander"]
[Result "0-1"]
[WhiteElo "2066"]
[BlackElo "2024"]
[PlyCount "40"]
[EventDate "2009.11.14"]
[EventType "swiss"]
[EventRounds "9"]
[EventCountry "RUS"]
[SourceTitle "EXT 2022"]
[Source "ChessBase"]
[SourceDate "2021.10.06"]
[SourceVersion "1"]
[SourceVersionDate "2021.10.06"]
[SourceQuality "1"]

1. d4 d6 2. g3 g6 3. Bg2 Bg7 4. e4 Nf6 5. Ne2 0-0 6. 0-0 c5 7. d5 b5 8. a4 Bd7 9. axb5 Bxb5 10. Re1 Nbd7 11. Na3 Ba6 12. Nc3 Rb8 13. Ra2 Rb4 14. f4 Qb6 15. e5 dxe5 16. fxe5 Ng4 17. Be4 c4+ 18. Kg2 Qf2+ 19. Kh3 Qxh2+ 20. Kxg4 Nxe5+ 0-1